Statistieken voor Landen die beginnen met M

Klik hier om de quiz te nemen!

Algemene statistieken

  • Deze quiz is 4.275 keer genomen
    (4.257 sinds de laatste reset)
  • De gemiddelde score is 12 van 18

Antwoordstatistieken

Land% Correct
Montenegro
76%
Mali
76%
Madagaskar
75%
Moldavië
75%
Marokko
72%
Mauritanië
70%
Mongolië
70%
Monaco
70%
Mauritius
68%
Maleisië
65%
Mexico
64%
Malta
64%
Mozambique
62%
Myanmar
60%
Malawi
59%
Maldiven
57%
Micronesia
47%
Marshalleilanden
43%

Scoreverdeling

Percentiel versus Aantal Correcte Antwoorden

Procent van Mensen met Elke Score

Uw Scoregeschiedenis

U heeft deze quiz nog niet genomen sinds de laatste reset